Antiquités de la région andine de la République Arjentine et du Désert d'Atacama. Par Éric Boman
保存先:
| 第一著者: | |
|---|---|
| フォーマット: | 図書 |
| 言語: | フランス語 |
| 出版事項: |
París
Imprimerie Nationale
1908
|
| 版: | 1a. ed |
| 主題: | |
| タグ: |
タグ追加
タグなし, このレコードへの初めてのタグを付けませんか!
|
MARC
| LEADER | 00000nam a2200000 a 4500 | ||
|---|---|---|---|
| 001 | UCJ6953 | ||
| 003 | CL-VaPUC | ||
| 008 | 070124e19080217FR |||||||||||||||||fre|d | ||
| 082 | 0 | 4 | |a 571 |b BOM |2 21 |
| 100 | 0 | |a Boman, Éric |e author |9 514646 | |
| 245 | 1 | 0 | |a Antiquités de la région andine de la République Arjentine et du Désert d'Atacama. Par Éric Boman |
| 250 | |a 1a. ed | ||
| 300 | |a 2 v | ||
| 942 | |c BK | ||
| 945 | |d 20070124 00:00:00 |a rinostro | ||
| 260 | |a París |b Imprimerie Nationale |c 1908 | ||
| 500 | |a Tome premier contenant 2 cartes, 32 planches et 28 figures dans le texte; tome second contenant 1 carte, 51 planches et 45 figures dans le texte. 8§, media tela.- Anteport.- v.: Bibliografía publicada.- Port.- v. en b.- Ilustraciones y mapas conforme con lo señalado en índices.- En la anteportada del vol. I, dedicatoria autógrafa | ||
| 600 | 0 | 7 | |a CREQUI MONFORT, G. DE |2 CL-VaPUC |9 514647 |
| 600 | 0 | 7 | |a SENECHAL DE LA GRANGE, E. |2 CL-VaPUC |9 514648 |
| 600 | 0 | 7 | |a POLAKOWSKY, H. |2 CL-VaPUC |9 514649 |
| 650 | 0 | |a Arqueología |9 265619 | |
| 650 | 0 | |a Alfarería |9 341805 | |
| 650 | 0 | |a Aborígenes |9 329972 | |
| 650 | 0 | |a Ilustraciones |9 369481 | |
| 650 | 0 | |a Mapas |9 260844 | |
| 650 | 7 | |a DIAGUITAS |2 CL-VaPUC |9 265534 | |
| 650 | 0 | |a Atacameños |9 441292 | |
| 650 | 7 | |a HUARPES |2 CL-VaPUC |9 514650 | |
| 650 | 7 | |a UROS |2 CL-VaPUC |9 514651 | |
| 650 | 0 | |a Petroglifos |9 443024 | |
| 650 | 7 | |a FOLKLORE |2 CL-VaPUC |9 268291 | |
| 650 | 7 | |a LENGUAS ABORIGENES |2 CL-VaPUC |9 445955 | |
| 650 | 7 | |a QUECHUA |2 CL-VaPUC |9 316681 | |
| 650 | 7 | |a JOYAS |2 CL-VaPUC |9 408692 | |
| 650 | 7 | |a MOMIAS |2 CL-VaPUC |9 492878 | |
| 650 | 0 | |a Cementerios |9 344520 | |
| 650 | 7 | |a MARCA TIPOGRAFICA |2 CL-VaPUC |9 506100 | |
| 650 | 7 | |a DEDICATORIA AUTOGRAFA |2 CL-VaPUC |9 504503 | |
| 651 | 7 | |a JUJUY |2 CL-VaPUC |9 472237 | |
| 651 | 0 | |a Calama |9 447366 | |
| 651 | 7 | |a CHUQUICAMATA |2 CL-VaPUC |9 444767 | |
| 651 | 7 | |a CHIU CHIU |2 CL-VaPUC |9 507602 | |
| 651 | 0 | |a Atacama |9 319604 | |
| 583 | |a last modification |c 20070124 00:00:00 |k Rodrigo Vera | ||
| 999 | |c 323055 |d 323053 | ||
| 952 | |0 0 |1 0 |4 0 |6 571_000000000000000_BOM_1908 |7 0 |8 X |9 402298 |a FDOBUD |b FDOBUD |d 2019-11-22 |h v.1 |i 1055534 |o 571 BOM 1908 |p 1055534 |r 2019-11-22 |w 2019-11-22 |y BK_X |k BUD | ||
| 952 | |0 0 |1 0 |4 0 |6 571_000000000000000_BOM_1908 |7 0 |8 X |9 402299 |a FDOBUD |b FDOBUD |d 2019-11-22 |h v.2 |i 1055550 |o 571 BOM 1908 |p 1055550 |r 2019-11-22 |w 2019-11-22 |y BK_X |k BUD | ||